000 00556nam a22001817a 4500
005 20250117101723.0
008 250117b |||||||| |||| 00| 0 eng d
020 _a9780072951752
050 _aQR41.2
_b.P74
100 _aPrescott, Lansing M.
245 _aMicrobiology/
_cLansing M. Prescott, John P. Harley, Donald A. Klein
250 _a6th ed.
260 _aBoston
_bMcGraw Hill Higher Education
_c2005
300 _axxii. various paging
_bill. color
_c28cm
700 _aHarley, John P.
700 _aKlein, Donald A.
942 _2lcc
_cBK
_e6th ed.
_n0
999 _c2606
_d2606